000
00304nam a2200121Ia 4500
008
191201s2018 xx 000 0 und d
100
_a
KUMAR, N Senthil
245
0
_a
Microprocessors and Interfacing 8086,8051,8096
260
_b
Oxford
_c
2018
300
_a
815
650
_a
B.Tech(CSE)
942
_2
ddc
_c
BK
999
_c
7022
_d
7022